هندسة المستقبل / (رقم التسجيلة. 23692)

تفاصيل مارك
000 -LEADER
fixed length control field 00521nam a22001817a 4500
005 - DATE AND TIME OF LATEST TRANSACTION
control field 20251108165252.0
008 - FIXED-LENGTH DATA ELEMENTS--GENERAL INFORMATION
fixed length control field 250721s1992 xx 000 0 ara d
082 14 - DEWEY DECIMAL CLASSIFICATION NUMBER
Classification number 574/شوق
100 1# - MAIN ENTRY--PERSONAL NAME
Personal name شوقي، أحمد
245 10 - TITLE STATEMENT
Title هندسة المستقبل /
264 1# - PRODUCTION, PUBLICATION, DISTRIBUTION, MANUFACTURE, AND COPYRIGHT NOTICE
Place of production, publication, distribution, manufacture القاهره :
Name of producer, publisher, distributor, manufacturer المكتبة الأكاديمية،
Date of production, publication, distribution, manufacture, or copyright notice 1992.
300 ## - PHYSICAL DESCRIPTION
Extent 281ص
490 0# - SERIES STATEMENT
Series statement المستقبل بعيون علمية ؛ 1
650 17 - SUBJECT ADDED ENTRY--TOPICAL TERM
Topical term or geographic name as entry element علم الأحياء
650 17 - SUBJECT ADDED ENTRY--TOPICAL TERM
Topical term or geographic name as entry element الحياة
942 ## - ADDED ENTRY ELEMENTS (KOHA)
Source of classification or shelving scheme Dewey Decimal Classification
Koha item type كتب
المقتنيات
حالة السحب حالة الفقدان مصدر التصنيف حالة التلف غير قابل للإعارة المكتبة الرئيسية المكتبة الحالية موقع الرف تاريخ التزويد الرقم المتسلسل Total Checkouts رقم الإستدعاء تاريخ آخر ظهور تاريخ الفاتورة نوع المادة (كوها) الباركود
    Dewey Decimal Classification Unchecked   مكتبة الأميرة ايمان العامة مكتبة الأميرة ايمان العامة الإعارة 06/07/2004 5261   574/شوق 28/07/2025 06/07/2004 كتب  
    Dewey Decimal Classification     مكتبة الأميرة ايمان العامة مكتبة الأميرة ايمان العامة الإعارة 06/11/2013 [7807]   574/شوق 28/07/2025 06/11/2013 كتب PLD00285172
    Dewey Decimal Classification Unchecked   مكتبة صويلح العامة مكتبة صويلح العامة الإعارة 06/07/2004 11003   574/شوق 28/07/2025 06/07/2004 كتب  
    Dewey Decimal Classification Unchecked   مكتبة صويلح العامة مكتبة صويلح العامة الإعارة 06/07/2004 9629   574/شوق 28/07/2025 06/07/2004 كتب  
    Dewey Decimal Classification Unchecked   مكتبة صويلح العامة مكتبة صويلح العامة الإعارة 06/07/2004 6385   574/شوق 28/07/2025 06/07/2004 كتب  
    Dewey Decimal Classification     مكتبة صويلح العامة مكتبة صويلح العامة الإعارة 30/05/2019 {11003}   574/شوق 28/07/2025 30/05/2019 كتب PLD00453574
Implemented & Customized by: BBB with SCIT (Smart Chains for Information Technology)

Powered by Koha